000 00558nam a22002177a 4500
005 20170124110131.0
010 _aA-491411
020 _c00.00
_a0670836842
035 _aA-491411
037 _bCen Lib/Ret
040 _aDPL
_bEN
082 _aN
_bMCG
100 _aMcGrath, Patrick
_932251
245 _aSpider /
_cby Patrick McGrath
260 _bViking
_aLondon
_c1990
270 _bLondon
_a27 Wrights Lane
300 _a221p.
_c21cm(Hb)
650 _aSchizophrenics -- Fictio
_932252
650 _aMentally ill
_932253
942 _2ddc
_cEN
_hN
_mMCG
999 _c131607
_d131607